First Word in Common II Quiz Stats

 Plays Quiz Updated Mar 5, 2012

Challenge
Share
Tweet
Embed
Score 0/20 Timer 05:00
3 Plays Today
Words Preceding Word % Correct
Fart, Faithful, FashionedOld
89.8%
Band, Scout, WonderBoy
89.6%
Blood, Bonnet, JeansBlue
89.1%
Dust, Tale, GodmotherFairy
88.5%
Owl, Shift, TerrorsNight
88%
Party, Cake, SuitBirthday
85.6%
Earth, Goose, LodeMother
78.4%
Trick, Carpet, MarkerMagic
76.7%
Eyelashes, Start, AlarmFalse
76.2%
Shake, Daiquiri, BlondeStrawberry
76.1%
Words Preceding Word % Correct
Belt, Bear, HoleBlack
73.5%
Drink, Pretzel, SoapSoft
67.1%
Bomb, Cola, BlossomCherry
63.9%
Breath, Glory, SicknessMorning
63.3%
Bomb, Family, EnergyNuclear
58.2%
Axe, Dancer, VaultPole
54.6%
Shy, Fight, ControlGun
54.3%
Town, Writer, StoryGhost
53.9%
Bag, Beauty, PillSleeping
53.7%
Fault, Soldier, TrafficFoot
45.2%

You're not logged in!

Compare scores with friends on all Sporcle quizzes.
Join for Free
OR
Log In

You Might Also Like...

Show Comments

Extras

Top Quizzes Today


Score Distribution

Your Account Isn't Verified!

In order to create a playlist on Sporcle, you need to verify the email address you used during registration. Go to your Sporcle Settings to finish the process.

Report this User

Report this user for behavior that violates our Community Guidelines.

Details: